|
|
|
|
| LEADER |
01320nam a2200361Ia 4500 |
| 001 |
EBC685718 |
| 003 |
MiAaPQ |
| 005 |
20200520144314.0 |
| 006 |
m o d | |
| 007 |
cr cn||||||||| |
| 008 |
011213s2002 oncac sb 000 0aeng d |
| 016 |
|
|
|z 20029000149
|
| 020 |
|
|
|z 0889204071
|
| 035 |
|
|
|a (MiAaPQ)EBC685718
|
| 035 |
|
|
|a (Au-PeEL)EBL685718
|
| 035 |
|
|
|a (CaPaEBR)ebr10135334
|
| 035 |
|
|
|a (OCoLC)753479524
|
| 040 |
|
|
|a MiAaPQ
|c MiAaPQ
|d MiAaPQ
|
| 050 |
|
4 |
|a S417.C24
|b K67 2002
|
| 082 |
0 |
4 |
|a 630/.92
|2 21
|
| 100 |
1 |
|
|a Koretchuk, Patricia,
|d 1934-
|
| 245 |
1 |
0 |
|a Chasing the comet
|h [electronic resource] :
|b a Scottish-Canadian life /
|c Patricia Koretchuk.
|
| 260 |
|
|
|a Waterloo, ON :
|b Wilfrid Laurier University Press,
|c c2002.
|
| 300 |
|
|
|a xx, 241 p. :
|b ill., ports.
|
| 490 |
1 |
|
|a Life writing series
|
| 504 |
|
|
|a Includes bibliographical references.
|
| 533 |
|
|
|a Electronic reproduction. Ann Arbor, MI : ProQuest, 2015. Available via World Wide Web. Access may be limited to ProQuest affiliated libraries.
|
| 600 |
1 |
0 |
|a Caldow, David.
|
| 650 |
|
0 |
|a Farm managers
|z British Columbia
|v Biography.
|
| 655 |
|
4 |
|a Electronic books.
|
| 710 |
2 |
|
|a ProQuest (Firm)
|
| 830 |
|
0 |
|a Life writing series.
|
| 856 |
4 |
0 |
|u https://ebookcentral.proquest.com/lib/matrademy/detail.action?docID=685718
|z Click to View
|